000 01278nam0a22003251 4500
001 RU\NLR\bibl\1958626
005 20260406011150.0
010 _a978-5-8064-1732-0
_9100
021 _aRU
_b2012-74054
_95481
035 _a(NLR Aleph) 001947676
090 _a3651914
_c3651914
100 _a20121022d2012 |||y0rusy50 ca
101 0 _arus
_achi
102 _aRU
105 _ay |||||||||
200 1 _aУстный перевод. Китайский язык
_eучебное пособие
_fЛян Цуйчжень
_gРГПУ им. А. И. Герцена, Высшая школа перевода
210 _aСанкт-Петербург
_cИзд-во РГПУ
_d2012
215 _a216 с.
517 1 _aКитайский язык
606 1 _aКитайский язык
_jУчебные издания для высших учебных заведений
_xПеревод
_91339717
_3RU\NLR\auth\66558296
686 _aШ171.1-93рус3-77
700 0 _4070
_8rus
_7ca
_aЛян Цуйчжень
_3RU\NLR\AUTH\77116659
_999584
801 0 _aRU
_bNLR
_c20121022
_gRCR
801 1 _aRU
_bNLR
_c20121022
852 _aNLR
_bОЛСАА-кит.
_j2-13313
942 _cBOOK
980 _aNB
980 1 _aCHIN